[Event "MSR2018s4"]
[Site "?"]
[Date "2018.04.24"]
[Round "5.19"]
[White "Vargosko, Juraj"]
[Black "Orgon, Jakub"]
[Result "1-0"]
[BlackElo "1218"]
[WhiteElo "1504"]
[LiveChessVersion "1.4.8"]

1. e4 {[%clk 1:30:57]} c5 {[%clk 1:30:53]} 2. c3 {[%clk 1:31:08]} d6
{[%clk 1:31:16]} 3. d4 {[%clk 1:31:05]} cxd4 {[%clk 1:31:39]} 4. cxd4
{[%clk 1:30:43]} Nf6 {[%clk 1:32:00]} 5. Nc3 {[%clk 1:30:54]} g6 {[%clk 1:32:21]}
6. Nf3 {[%clk 1:28:58]} Bg7 {[%clk 1:32:30]} 7. Bc4 {[%clk 1:24:34]} O-O
{[%clk 1:32:49]} 8. Be3 {[%clk 1:24:32]} Nxe4 {[%clk 1:32:05]} 9. Nxe4
{[%clk 1:19:40]} d5 {[%clk 1:32:28]} 10. Bxd5 {[%clk 1:19:09]} Qxd5
{[%clk 1:32:43]} 11. Nc3 {[%clk 1:19:28]} Qd8 {[%clk 1:32:46]} 12. h3
{[%clk 1:16:03]} Nc6 {[%clk 1:31:56]} 13. Qd2 {[%clk 1:15:13]} e5
{[%clk 1:30:58]} 14. d5 {[%clk 1:13:51]} Ne7 {[%clk 1:28:40]} 15. Bh6
{[%clk 1:03:02]} e4 {[%clk 1:27:33]} 16. Bxg7 {[%clk 1:02:07]} Kxg7
{[%clk 1:27:38]} 17. Nxe4 {[%clk 1:01:53]} Qxd5 {[%clk 1:27:40]} 18. Qc3+
{[%clk 1:00:52]} f6 {[%clk 1:26:46]} 19. Qe3 {[%clk 0:59:30]} Nf5
{[%clk 1:25:16]} 20. Qf4 {[%clk 0:46:22]} Qe6 {[%clk 1:14:58]} 21. O-O
{[%clk 0:45:24]} g5 {[%clk 1:10:06]} 22. Qc7+ {[%clk 0:44:56]} Rf7
{[%clk 1:10:21]} 23. Qc2 {[%clk 0:44:48]} Bd7 {[%clk 1:02:25]} 24. Nexg5
{[%clk 0:44:34]} fxg5 25. Nxg5 {[%clk 0:44:46]} Qg6 {[%clk 0:55:47]} 26. Nxf7
{[%clk 0:45:03]} Qxf7 {[%clk 0:55:39]} 27. Qc3+ {[%clk 0:44:03]} Qf6
{[%clk 0:54:35]} 28. Rad1 {[%clk 0:43:05]} Rd8 {[%clk 0:54:07]} 29. Qxf6+
{[%clk 0:42:50]} Kxf6 {[%clk 0:54:22]} 30. Rd3 {[%clk 0:42:50]} Ng7
{[%clk 0:53:25]} 31. Rfd1 {[%clk 0:42:47]} Ke7 {[%clk 0:53:40]} 32. Rg3
{[%clk 0:41:56]} Kf7 {[%clk 0:53:37]} 33. f4 {[%clk 0:41:50]} Nf5
{[%clk 0:53:08]} 34. Rgd3 {[%clk 0:41:15]} Ke7 {[%clk 0:52:38]} 35. Re1+
{[%clk 0:40:12]} Kf6 {[%clk 0:52:54]} 36. Re5 {[%clk 0:40:08]} h6
{[%clk 0:51:16]} 37. Rdd5 {[%clk 0:39:45]} Nh4 {[%clk 0:50:55]} 38. Rh5
{[%clk 0:38:57]} Nxg2 {[%clk 0:49:08]} 39. Rxh6+ {[%clk 0:36:53]} Kg7
{[%clk 0:49:27]} 40. Rhd6 {[%clk 0:37:11]} Nxf4 {[%clk 0:49:04]} 41. Rxd7+
{[%clk 0:37:31]} Rxd7 {[%clk 0:49:16]} 42. Rxd7+ {[%clk 0:37:50]} Kg6
{[%clk 0:49:36]} 43. Rxb7 {[%clk 0:38:10]} Nxh3+ {[%clk 0:49:57]} 44. Kh2
{[%clk 0:38:29]} Nf4 {[%clk 0:50:22]} 45. Rxa7 {[%clk 0:38:41]} Kf6
{[%clk 0:50:45]} 46. b4 {[%clk 0:38:54]} Ke6 {[%clk 0:50:21]} 47. b5
{[%clk 0:39:15]} Kd6 {[%clk 0:50:32]} 48. b6 {[%clk 0:39:22]} Nd5
{[%clk 0:50:16]} 49. b7 {[%clk 0:39:21]} Kc7 {[%clk 0:50:39]} 50. Ra5
{[%clk 0:39:37]} Nb6 {[%clk 0:50:49]} 51. Rb5 {[%clk 0:39:39]} Kxb7
{[%clk 0:51:04]} 52. Rb1 {[%clk 0:39:44]} Ka6 {[%clk 0:51:08]} 53. Kg3
{[%clk 0:40:06]} Nc4 {[%clk 0:51:14]} 54. Kf4 {[%clk 0:40:08]} Ka5
{[%clk 0:51:22]} 55. Rb8 {[%clk 0:39:47]} Ka4 {[%clk 0:50:10]} 56. Ke4
{[%clk 0:39:48]} Nd6+ {[%clk 0:50:02]} 57. Kd3 {[%clk 0:39:42]} Ka3
{[%clk 0:49:26]} 58. Kc2 {[%clk 0:39:40]} Nc4 {[%clk 0:49:01]} 59. Kc3
{[%clk 0:39:03]} Na5 {[%clk 0:48:17]} 60. Ra8 {[%clk 0:38:11]} Ka4
{[%clk 0:48:27]} 61. a3 {[%clk 0:36:24]} Kb5 {[%clk 0:48:50]} 62. Kd4
{[%clk 0:35:46]} Nc6+ {[%clk 0:48:18]} 63. Kd5 {[%clk 0:35:48]} Ne7+
{[%clk 0:48:11]} 64. Kd6 {[%clk 0:36:02]} Nf5+ {[%clk 0:47:54]} 65. Kc7
{[%clk 0:36:01]} Nd4 {[%clk 0:44:48]} 66. a4+ {[%clk 0:35:47]} Kc5
{[%clk 0:44:59]} 67. a5 {[%clk 0:35:42]} Nb5+ {[%clk 0:44:40]} 68. Kd7
{[%clk 0:35:30]} Kb4 {[%clk 0:42:11]} 69. Kc6 {[%clk 0:34:23]} Ka4
{[%clk 0:40:54]} 70. Kb6 {[%clk 0:34:18]} Nd6 {[%clk 0:40:08]} 71. a6
{[%clk 0:33:49]} Nc4+ {[%clk 0:40:05]} 72. Kc5 {[%clk 0:32:53]} Ne5
{[%clk 0:40:11]} 73. Rd8 {[%clk 0:32:44]} Ka5 {[%clk 0:39:29]} 74. a7
{[%clk 0:32:59]} Nd7+ {[%clk 0:39:33]} 75. Rxd7 {[%clk 0:33:09]} 1-0

[Event "MSR2018s4"]
[Site "?"]
[Date "2018.04.24"]
[Round "5.20"]
[White "Tokarcik, Jan"]
[Black "Cizmar, Tomas"]
[Result "0-1"]
[BlackElo "1447"]
[WhiteElo "1343"]
[LiveChessVersion "1.4.8"]

1. e4 {[%clk 1:30:56]} e5 {[%clk 1:30:55]} 2. Nf3 {[%clk 1:31:22]} Nc6
{[%clk 1:31:18]} 3. Bc4 {[%clk 1:31:23]} Be7 {[%clk 1:30:07]} 4. c3
{[%clk 1:31:06]} d6 {[%clk 1:28:17]} 5. d4 {[%clk 1:28:36]} exd4 {[%clk 1:09:37]}
6. cxd4 {[%clk 1:28:03]} f5 {[%clk 1:09:08]} 7. exf5 {[%clk 1:27:31]} Bxf5
{[%clk 1:09:22]} 8. d5 {[%clk 1:27:45]} Ne5 {[%clk 1:09:15]} 9. Nxe5
{[%clk 1:26:43]} dxe5 {[%clk 1:09:22]} 10. Qf3 {[%clk 1:23:46]} Bg6
{[%clk 1:05:21]} 11. Nc3 {[%clk 1:22:38]} a6 {[%clk 1:01:10]} 12. O-O
{[%clk 1:22:12]} Qd6 {[%clk 1:00:04]} 13. Re1 {[%clk 1:19:36]} O-O-O
{[%clk 0:59:34]} 14. Ne4 {[%clk 1:17:05]} Bxe4 15. Qg4+ {[%clk 1:13:31]} Kb8
{[%clk 0:57:51]} 16. Rxe4 {[%clk 1:12:31]} Nf6 {[%clk 0:58:00]} 17. Qe2
{[%clk 1:07:54]} Nxe4 {[%clk 0:56:30]} 18. Qxe4 {[%clk 1:08:11]} Qf6
{[%clk 0:49:48]} 19. f4 {[%clk 1:06:32]} Rhf8 {[%clk 0:46:56]} 20. g3
{[%clk 1:05:33]} Rde8 {[%clk 0:43:47]} 21. b3 {[%clk 1:03:28]} Bc5+
{[%clk 0:42:34]} 22. Kg2 {[%clk 1:02:38]} exf4 {[%clk 0:42:26]} 23. Qxf4
{[%clk 1:02:21]} Qxa1 {[%clk 0:41:33]} 0-1

[Event "MSR2018s4"]
[Site "?"]
[Date "2018.04.24"]
[Round "5.21"]
[White "Carnecky, Viliam"]
[Black "Paholok, Adam"]
[Result "1/2-1/2"]
[WhiteElo "1253"]
[BlackElo "1535"]
[PlyCount "62"]
[EventDate "2018.??.??"]
[WhiteClock "1:17:48"]
[BlackClock "0:43:39"]

1. d4 d5 2. c4 e6 3. Bf4 Nf6 4. e3 Bb4+ 5. Nd2 O-O 6. Ngf3 Bd6 7. Bxd6 Qxd6 8.
c5 Qe7 9. Bd3 b6 10. cxb6 cxb6 11. O-O Bb7 12. Rc1 Nc6 13. e4 dxe4 14. Nxe4
Rfd8 15. Nxf6+ Qxf6 16. Be4 Rac8 17. Qa4 Nxd4 18. Rxc8 Nxf3+ 19. Bxf3 Bxc8 20.
Rd1 g6 21. h3 Qe7 22. Rxd8+ Qxd8 23. Qxa7 Qg5 24. Qxb6 Qc1+ 25. Kh2 Qf4+ 26. g3
Qxf3 27. Qd8+ Kg7 28. Qxc8 Qxf2+ 29. Kh1 Qxg3 30. Qc3+ Qxc3 31. bxc3 Kf6
1/2-1/2

[Event "MSR2018s4"]
[Site "?"]
[Date "2018.04.24"]
[Round "5.22"]
[White "Karapetsas, Athanasios"]
[Black "Jura, Michal"]
[Result "0-1"]
[BlackElo "1317"]
[WhiteElo "1237"]
[LiveChessVersion "1.4.8"]

1. e4 {[%clk 1:30:58]} e5 {[%clk 1:30:41]} 2. Bc4 {[%clk 1:31:15]} Nf6
{[%clk 1:30:51]} 3. d3 {[%clk 1:31:36]} Bc5 {[%clk 1:30:54]} 4. Nf3
{[%clk 1:30:39]} Nc6 {[%clk 1:30:43]} 5. c3 {[%clk 1:30:33]} d5 {[%clk 1:30:28]}
6. Bb3 {[%clk 1:30:35]} dxe4 {[%clk 1:30:30]} 7. dxe4 {[%clk 1:25:13]} Qxd1+
{[%clk 1:30:38]} 8. Bxd1 {[%clk 1:25:09]} Nxe4 {[%clk 1:30:58]} 9. O-O
{[%clk 1:24:45]} f6 {[%clk 1:27:10]} 10. Nbd2 {[%clk 1:17:17]} Nxd2
{[%clk 1:26:39]} 11. Bxd2 {[%clk 1:17:32]} Bg4 {[%clk 1:26:51]} 12. Bb3
{[%clk 1:09:43]} O-O-O {[%clk 1:24:48]} 13. Rad1 {[%clk 1:05:02]} Bxf3
{[%clk 1:19:39]} 14. gxf3 {[%clk 1:04:30]} Rd3 {[%clk 1:19:54]} 15. Kg2
{[%clk 0:58:29]} Rhd8 {[%clk 1:18:54]} 16. Bc1 {[%clk 0:54:54]} Rxd1
{[%clk 1:19:09]} 17. Rxd1 {[%clk 0:55:12]} Rxd1 {[%clk 1:19:19]} 18. Bxd1
{[%clk 0:55:37]} g5 {[%clk 1:18:26]} 19. Bc2 {[%clk 0:51:26]} h5 {[%clk 1:17:25]}
20. h4 {[%clk 0:50:38]} gxh4 {[%clk 1:17:01]} 21. Be3 {[%clk 0:51:02]} Bxe3
{[%clk 1:16:31]} 22. fxe3 {[%clk 0:51:21]} Na5 {[%clk 1:16:33]} 23. Bd3
{[%clk 0:51:01]} Kd7 {[%clk 1:13:11]} 24. Kh3 {[%clk 0:51:16]} Nc6
{[%clk 1:13:02]} 25. Kxh4 {[%clk 0:51:31]} Ne7 {[%clk 1:13:04]} 26. Kxh5
{[%clk 0:51:49]} Nd5 {[%clk 1:13:16]} 27. e4 {[%clk 0:51:58]} Nf4+
{[%clk 1:13:33]} 28. Kg4 {[%clk 0:51:50]} Nxd3 {[%clk 1:13:31]} 29. Kf5
{[%clk 0:51:58]} Ke7 {[%clk 1:13:20]} 30. b4 {[%clk 0:52:14]} c5 {[%clk 1:13:00]}
31. a3 {[%clk 0:51:22]} cxb4 {[%clk 1:13:09]} 32. axb4 {[%clk 0:51:38]} b5
{[%clk 1:13:16]} 33. Kg4 {[%clk 0:51:21]} Nc1 {[%clk 1:13:30]} 34. f4
{[%clk 0:51:38]} exf4 {[%clk 1:13:56]} 35. Kxf4 {[%clk 0:51:56]} Ke6
{[%clk 1:14:15]} 36. Ke3 {[%clk 0:52:08]} Na2 {[%clk 1:14:27]} 37. Kd2
{[%clk 0:50:53]} Ke5 {[%clk 1:14:44]} 38. Kd3 {[%clk 0:51:15]} Nxc3
{[%clk 1:15:04]} 39. Kxc3 {[%clk 0:51:27]} Kxe4 {[%clk 1:15:29]} 40. Kd2
{[%clk 0:51:27]} Kd4 {[%clk 1:15:49]} 41. Kc2 {[%clk 0:48:44]} f5
{[%clk 1:15:57]} 42. Kd2 {[%clk 0:45:54]} Kc4 {[%clk 1:15:58]} 43. Ke3
{[%clk 0:45:56]} Kxb4 {[%clk 1:16:21]} 44. Kf4 {[%clk 0:46:09]} a5
{[%clk 1:16:43]} 45. Kxf5 {[%clk 0:46:17]} a4 {[%clk 1:17:07]} 46. Ke4
{[%clk 0:46:30]} a3 {[%clk 1:17:32]} 47. Kd3 {[%clk 0:46:08]} a2 {[%clk 1:17:56]}
48. Kc2 {[%clk 0:46:23]} a1=Q {[%clk 1:18:14]} 0-1

[Event "MSR2018s4"]
[Site "?"]
[Date "2018.04.24"]
[Round "5.23"]
[White "Magda, Filip"]
[Black "Sahidi, Sear"]
[Result "0-1"]
[BlackElo "1176"]
[WhiteElo "1197"]
[LiveChessVersion "1.4.8"]

1. e4 e5 {[%clk 1:30:46]} 2. Nf3 {[%clk 1:30:41]} Nc6 {[%clk 1:30:59]} 3. d4
{[%clk 1:30:37]} exd4 {[%clk 1:31:08]} 4. Nxd4 {[%clk 1:30:45]} Bc5
{[%clk 1:31:08]} 5. Be3 {[%clk 1:30:45]} Qf6 {[%clk 1:31:08]} 6. c3
{[%clk 1:30:45]} Nge7 {[%clk 1:31:08]} 7. Nxc6 {[%clk 1:30:45]} Bxe3
{[%clk 1:31:08]} 8. fxe3 {[%clk 1:30:45]} Nxc6 {[%clk 1:31:08]} 9. Nd2
{[%clk 1:30:45]} O-O {[%clk 1:31:08]} 10. Qg4 {[%clk 1:30:45]} d6
{[%clk 1:30:09]} 11. Qg3 {[%clk 1:28:10]} Re8 {[%clk 1:28:46]} 12. O-O-O
{[%clk 1:28:25]} Be6 {[%clk 1:28:09]} 13. Bc4 {[%clk 1:27:39]} Bxc4
{[%clk 1:27:57]} 14. Nxc4 {[%clk 1:27:47]} Rxe4 {[%clk 1:28:11]} 15. Nd2
{[%clk 1:27:25]} Re7 {[%clk 1:27:55]} 16. h4 {[%clk 1:26:46]} h6 {[%clk 1:27:29]}
17. Qh3 {[%clk 1:25:47]} Ne5 {[%clk 1:26:35]} 18. Ne4 {[%clk 1:24:35]} Qg6
{[%clk 1:26:01]} 19. Ng5 {[%clk 1:22:14]} f6 {[%clk 1:24:39]} 20. Nf3
{[%clk 1:21:23]} Nd3+ {[%clk 1:24:35]} 21. Rxd3 {[%clk 1:18:33]} Qxd3
{[%clk 1:24:49]} 22. Nd4 {[%clk 1:17:05]} Rxe3 {[%clk 1:23:36]} 23. Qg4
{[%clk 1:16:40]} Rae8 {[%clk 1:23:05]} 24. Nc2 {[%clk 1:13:55]} Re2
{[%clk 1:22:39]} 25. Qxe2 {[%clk 1:13:26]} Rxe2 {[%clk 1:22:54]} 26. Nb4
{[%clk 1:12:55]} Qd2+ {[%clk 1:22:55]} 27. Kb1 {[%clk 1:10:56]} Qxb2#
{[%clk 1:23:06]} 0-1

[Event "MSR2018s4"]
[Site "?"]
[Date "2018.04.24"]
[Round "5.24"]
[White "Dujava, Adam"]
[Black "Durana, Jonas"]
[Result "1-0"]
[BlackElo "1146"]
[WhiteElo "1251"]
[LiveChessVersion "1.4.8"]

1. f4 {[%clk 1:30:55]} f5 {[%clk 1:30:31]} 2. Nf3 {[%clk 1:31:12]} Nf6
{[%clk 1:30:50]} 3. e3 {[%clk 1:31:37]} d5 {[%clk 1:30:54]} 4. b3
{[%clk 1:31:59]} b6 {[%clk 1:30:51]} 5. Bb2 {[%clk 1:32:18]} Nbd7
{[%clk 1:31:14]} 6. Be2 {[%clk 1:32:21]} Bb7 {[%clk 1:31:32]} 7. O-O
{[%clk 1:32:38]} e6 {[%clk 1:31:46]} 8. Qe1 {[%clk 1:32:16]} Bd6 {[%clk 1:31:59]}
9. d3 {[%clk 1:32:24]} c6 {[%clk 1:31:57]} 10. Nbd2 {[%clk 1:32:14]} Qc7
{[%clk 1:31:47]} 11. Nd4 {[%clk 1:31:33]} Nf8 {[%clk 1:31:33]} 12. a4
{[%clk 1:30:59]} O-O-O {[%clk 1:31:37]} 13. Bc3 {[%clk 1:30:55]} a5
{[%clk 1:30:19]} 14. N2f3 {[%clk 1:27:36]} Ng4 {[%clk 1:30:08]} 15. Bd1
{[%clk 1:27:29]} Re8 {[%clk 1:29:29]} 16. h3 {[%clk 1:25:39]} Nf6
{[%clk 1:29:29]} 17. b4 {[%clk 1:25:46]} axb4 {[%clk 1:29:39]} 18. Bxb4
{[%clk 1:26:04]} Bxb4 {[%clk 1:29:40]} 19. Qxb4 {[%clk 1:25:44]} c5
{[%clk 1:30:00]} 20. Qb5 {[%clk 1:18:43]} cxd4 {[%clk 1:29:39]} 21. Nxd4
{[%clk 1:18:47]} N8d7 {[%clk 1:28:36]} 22. a5 {[%clk 1:18:34]} bxa5
{[%clk 1:24:34]} 23. Rxa5 {[%clk 1:18:55]} Kb8 {[%clk 1:22:23]} 24. Be2
{[%clk 1:17:01]} Rhf8 {[%clk 1:10:48]} 25. Rfa1 {[%clk 1:16:52]} Qb6
{[%clk 1:09:40]} 26. Qa4 {[%clk 1:15:57]} g6 {[%clk 1:04:56]} 27. Rb5
{[%clk 1:14:53]} Nc5 {[%clk 1:02:29]} 28. Qa3 {[%clk 1:05:22]} Qd6
{[%clk 0:53:47]} 29. Rxc5 {[%clk 1:05:07]} e5 {[%clk 0:51:17]} 30. Qa7#
{[%clk 1:02:11]} 1-0